000 00546nam a2200169 i 4500
001 83753
003 ES-MaACL
005 20230906174903.0
007 t|
008 041118s1923 sp ||||1| spa d
100 1 _aJarosy, Alberto.
_966135
245 1 0 _aBase de la digitación violinistica
_b: doctrina de Paganini /
_cpor Alberto Jarosy ; traducido del alemán por Antonio Ribera Maneja.
260 _aBarcelona :
_bR. Maneja,
_c1923.
300 _a32 p. ;
_c12 cm.
700 1 _aRibera Maneja, Antonio.
_996792
852 _aES-MaACL
_j1748-F-6
999 _c83753
_d83753